Every US State That Has a Major Sports Team - Statistics

General Stats
  • This quiz has been taken 56 times
    39 since last reset
  • The average score is 21 of 26
Answers on the Map
Answers color-coded by a green-red scale on the quiz's map according to % correct below.
 
Answer Stats
State % Correct
California
97%
Texas
97%
Florida
94%
New York
94%
Minnesota
91%
Nevada
89%
Utah
89%
Washington
89%
Arizona
86%
Georgia
86%
Michigan
86%
Oregon
86%
Colorado
83%
Indiana
83%
North Carolina
83%
Massachusetts
80%
Ohio
80%
Illinois
77%
Louisiana
77%
Oklahoma
74%
Tennessee
71%
New Jersey
69%
Wisconsin
69%
Maryland
66%
Pennsylvania
66%
Missorui
0%
No matching quizzes found
Score Distribution
Percent of People with Each Score
Percentile by Number Answered
Your Score History
You have not taken this quiz since the last reset